Movies Quiz

Random Movies or Clickable Quiz

Great Actors Embarrassing Themselves Quiz Stats

Quiz Updated Jun 30, 2016

Challenge
Share
Tweet
Embed
Score 0/25 Timer 05:00
0 Plays Today
% Correct
Catwoman
91.6%
Baby Geniuses 2
78.7%
Mommie Dearest
68.4%
Gigli
68.1%
The Swarm
66.3%
The Three Musketeers
62.6%
Gods and Generals
60.8%
Fred Claus
59.7%
The Wicker Man
55.3%
Paint Your Wagon
54.1%
Welcome to Mooseport
54.1%
Hide and Seek
50.1%
Highlander II: The Quickening
49.8%
% Correct
The Island of Dr. Moreau
49.3%
The Core
44%
Poseidon
40.9%
Battlefield Earth
36.6%
North
32.8%
Elizabethtown
32.2%
Jaws: The Revenge
28.1%
Inchon
26.3%
Transformers: The Movie
26.1%
The Invasion
24.5%
Town & Country
22.4%
Bloodrayne
18.9%

You're not logged in!

Compare scores with friends on all Sporcle quizzes.
Join for Free
OR
Log In

You Might Also Like...

Show Comments

Extras

Top Quizzes Today


Score Distribution

Your Account Isn't Verified!

In order to create a playlist on Sporcle, you need to verify the email address you used during registration. Go to your Sporcle Settings to finish the process.

Report this User

Report this user for behavior that violates our Community Guidelines.

Details: